000 00694 a2200193 4500
020 _a0471648019
020 _a9780471648017
082 _a537.0151
090 _c1090
_d1090
100 1 _aLindell, Ismo V.
245 1 0 _aDifferential forms in electromagnetics /
_cIsmo V. Lindell.
260 _a[S.l.] :
_bWiley-IEEE Press,
_c2004.
300 _a253 p. ;
_c25 cm.
490 1 _aIeee press series on electromagnetic wave theory.
700 _aLindell, Ismo V.
830 0 _aIeee press series on electromagnetic wave theory.
942 _aSNS
_cBK
_k537.0151 LIN
999 _c29707
_d29707